Variabilita vizu

Bibliographic Details
Main Authors: Peregrin, Jaroslav, 1922- (Author), Hejcmanová, Dagmar (Author), Hartmann, M. (Author), Svěrák, Jaromír, 1926-2008 (Author)
Format: Article
Language:Czech
PhysicalDescription:Tab. 4, res. angl., čes., lit. 9 zázn. v angl., češ.
ISSN:0009-059X
Subjects:

MARC

LEADER 00000nab a2200000 a 4500
001 vtls000515269
003 SK-MaSNL
005 20260303003550.0
008 220422c1994 xo 0 cze
015 |a SNBRB19rr/mm-uuuuu 
035 |a CL0515407 
040 |a SNKBUCL  |b slo  |c SNKBUCL  |e AACR2 
041 0 |a cze 
044 |a xo  |c SK 
080 |a 612.843.6  |2 1981 
080 |a 617.751  |2 1981 
245 0 0 |a Variabilita vizu  |c Jaroslav Peregrin ... [et al.] 
300 |b Tab. 4, res. angl., čes., lit. 9 zázn. v angl., češ. 
650 0 7 |a ostrosť zraková  |x variabilita  |2 snkbucl  |9 981577 
655 7 |a články z novín a časopisov  |2 snkbucl  |9 267496 
700 1 |a Peregrin, Jaroslav,  |d 1922-  |4 aut  |9 163123 
700 1 |a Hejcmanová, Dagmar  |4 aut  |9 12273 
700 1 |a Hartmann, M.  |4 aut  |9 981578 
700 1 |a Svěrák, Jaromír,  |d 1926-2008  |4 aut  |9 90040 
773 0 |t Československá oftalmologie  |g Roč. 50, č. 1 (1994), s. 18-23  |x 0009-059X 
850 |a Slovenská národná knižnica v Martine  |a MTA001 
852 |a SNK  |b KIS3GCP 
958 |a NB 
958 |a RK 
958 |a ME 
992 |a RBX 
999 |c 1573348  |d 1575278